A handbook of biological investigation / (Record no. 11381)

000 -LEADER
fixed length control field 00584cam a22001814a 4500
020 ## - INTERNATIONAL STANDARD BOOK NUMBER
ISBN 0887252664
040 ## - CATALOGING SOURCE
Transcribing agency DLC
082 04 - DEWEY DECIMAL CLASSIFICATION NUMBER
Classification number 574 HUN 2002 A029 Or.
245 02 - TITLE STATEMENT
Title A handbook of biological investigation /
250 ## - EDITION STATEMENT
Edition statement 6th ed.
260 ## - PUBLICATION, DISTRIBUTION, ETC. (IMPRINT)
Place of publication Knoxville, Tenn. :
Name of publisher Hunter Textbooks,
Year of publication c2002.
300 ## - PHYSICAL DESCRIPTION
Number of Pages x, 188 p. :
Other physical details ill. ;
Dimensions 23 cm.
500 ## - GENERAL NOTE
General note Rev. ed. of: A handbook of biological investigation / Harrison W. Ambrose III and Katharine Peckham Ambrose. 5th ed. c1995.
650 #0 - SUBJECT ADDED ENTRY--TOPICAL TERM
Topical Term Biology
700 1# - ADDED ENTRY--PERSONAL NAME
Personal name Ambrose, Harrison W.
700 1# - ADDED ENTRY--PERSONAL NAME
Personal name Ambrose, Harrison W.
942 ## - ADDED ENTRY ELEMENTS (KOHA)
Koha item type សៀវភៅភាសាអង់គ្លេស
952 ## - LOCATION AND ITEM INFORMATION (KOHA)
Withdrawn status [LOCAL, KOHA] 0
Holdings
Permanent Location Date acquired Koha item type Lost status Shelving location Barcode Current Location Full call number
Library Block A2017-08-01សៀវភៅភាសាអង់គ្លេស A029A17236Library Block A574 HUN 2002 A029 Or.
មជ្ឈមណ្ឌលឯការនៃសាកលវិទ្យាល័យភូមិន្ទកសិកម្មចំការដូង

Powered by Koha